|
|
|
|
| LEADER |
00000nta a2200000 i 4500 |
| 001 |
dolg53731 |
| 005 |
20240321092816.0 |
| 008 |
240321suuuu hu om 000 hun d |
| 040 |
|
|
|a BGE Dolgozattár Repozitórium
|b hun
|
| 041 |
|
|
|a hu
|
| 100 |
1 |
|
|a Kondor Tünde
|
| 245 |
1 |
0 |
|a Selling South Korea ; Portré
|b Eleni Tsakopoulos Kounalakis, az Egyesült Államok budapesti nagykövete (társadalomtudományi és gazdasági szakszöveg fordítása)
|c Kondor Tünde
|h [elektronikus dokumentum]
|
| 695 |
|
|
|a Szakfordítás
|
| 695 |
|
|
|a Angol nyelv
|
| 700 |
1 |
|
|a Lisányi Endréné dr. Beke Judit
|e ths
|
| 856 |
4 |
0 |
|u http://dolgozattar.uni-bge.hu/53731/1/D_15080.pdf
|z Dokumentum-elérés
|